Literature - British Literature | 0 | 4 | 1 | 1 | 35 | 73 | 107.75 | 0 | 1 |
Fine Arts - Painting & Sculpture | 0 | 3 | 0 | 1 | 30 | 118 | 122.00 | 0 | 2 |
Fine Arts - Classical Music | 0 | 3 | 0 | 0 | 30 | 113 | 118.00 | 0 | 0 |
Science - Other Science | 0 | 2 | 0 | 0 | 20 | 84 | 109.00 | 0 | 0 |
Science - Physics | 0 | 2 | 0 | 1 | 20 | 78 | 100.50 | 0 | 1 |
Literature - European Literature | 0 | 2 | 0 | 1 | 20 | 76 | 112.50 | 0 | 1 |
Fine Arts - Other Fine Arts | 0 | 2 | 0 | 0 | 20 | 119 | 120.00 | 0 | 1 |
Science - Chemistry | 0 | 1 | 0 | 0 | 10 | 119 | 119.00 | 0 | 0 |
Other | 0 | 1 | 0 | 0 | 10 | 71 | 71.00 | 0 | 1 |
Literature - American Literature | 0 | 1 | 0 | 0 | 10 | 143 | 143.00 | 0 | 0 |
Literature - World Literature | 0 | 1 | 0 | 0 | 10 | 137 | 137.00 | 0 | 0 |
Social Science | 0 | 0 | 0 | 0 | 0 | | 0.00 | 0 | 0 |
Mythology | 0 | 0 | 0 | 0 | 0 | | 0.00 | 0 | 0 |
Philosophy | 0 | 0 | 0 | 0 | 0 | | 0.00 | 0 | 0 |